| 000 | 00608nam a2200229 a 4500 | ||
|---|---|---|---|
| 005 | 20200104041524.0 | ||
| 008 | 160119b xxu||||| |||| 00| 0 spa d | ||
| 040 |
_aCO-BoIAVH _cCO-BoIAVH |
||
| 041 | _aeng | ||
| 082 |
_a580 _bS79b |
||
| 100 | 1 | _aStearn, William T. | |
| 245 | 1 | _aBotanical Latin | |
| 250 | _a4 ed. | ||
| 260 |
_aOregon _bTimber Press _c1992 |
||
| 300 | _a576 paginas | ||
| 650 | 6 | _aBotánica | |
| 650 | 4 | _aLiteratura Botanica | |
| 650 | 6 | _aTerminología | |
| 650 | _aGramática latina | ||
| 650 | 6 | _aTaxonomía vegetal | |
| 942 |
_cLIBRO _2ddc |
||
| 999 |
_c1756 _d1756 |
||